000 00730nam a22001937a 4500
999 _c165699
_d165699
005 20230714142343.0
010 _aUR-10255
020 _a9789350738245
_c450.00
035 _aU-8810
037 _bDBAD/PUB
082 _a840
100 _aمر تبہ:فا د ر ی ر فيع ا لد ين
245 _aا فا د ا ت ز ور(جلد سو م ) /
_cمر تبہ:فا د ر ی ر فيع ا لد ين
246 _bIfadat-e-Zore (Vol.3) (Urdu) /
_aby Syed Mohiuddin Qadri
260 _aDelhi
_bEducational Publishing House
_c2016 ء
270 _a3191،Vakil Street,Kucha Pandit,Lal Kuan,
_bDelhi
_e110006
_k23216162
_l00911123211540
300 _a368 ص
_c22cm(Hb)
942 _2ddc
_cUR
_h840
_mق ا د